000 00296nam a22001217a 4500
008 170816b xxu||||| |||| 00| 0 eng d
041 _aeng
080 _a311
100 _a36
101 _aSTA
245 _aINTRODUCTORY STATISTICS FOR THE BEHAVIORAL SCIENCES
_cSCHOENINGER,D.W
942 _2udc
_cBK
999 _c23648
_d23648